| 000 | 00918nam a22002055i 4500 | ||
|---|---|---|---|
| 001 | 166029 | ||
| 003 | ES-MaACL | ||
| 005 | 20250815110842.0 | ||
| 008 | 050919s1883 it | |||||||| ||ita d | ||
| 040 |
_aCAM _bspa _cCAM |
||
| 100 | 1 |
_aTaramelli, Torquato, _d1845-1922 _9224308 |
|
| 245 | 1 | 0 |
_a[Di un giacimento di argille plioceniche, fossilifere, recentemente scoperto preso Taino, a levante di Angera / _cTorquato Taramelli]. |
| 260 |
_aMilano : _b[s.n.], _c1883 ( _fTip. Bernardoni di C. Rebeschini e C.) |
||
| 300 |
_a11 p. ; _c24 cm. |
||
| 594 | _aTit. tomado de la primera pag. | ||
| 596 | _aEstratto dai Rendiconti del R. Istituto Lombardo, Serie II, vol., XVI, fasc. X-XI. | ||
| 650 | 7 |
_aGeologĂa _2embne _913086 |
|
| 852 |
_aES-MaACL _jT-899-F-15 _z-- Enc. hol., falto de la enc. original _z-- Enc. en un vol. facticio _z.- Legado de Federico de Botella y de Hornos |
||
| 999 |
_c166029 _d166029 |
||